|
|
|
|
| LEADER |
00000nam a2200000 a 4500 |
| 001 |
vtls001467586 |
| 003 |
SK-MaSNL |
| 005 |
20260301220005.0 |
| 008 |
251113s2003 xr a g 0 cze |
| 020 |
|
|
|a 3822828505
|c 299,00 Sk
|
| 035 |
|
|
|a SNK000422891
|
| 040 |
|
|
|a SNK
|b slo
|c SNK
|e AACR2
|
| 043 |
|
|
|a e-it---
|
| 044 |
|
|
|a CZ
|a DE
|
| 072 |
|
7 |
|a 72/76
|x Výtvarné umenie
|2 konspekt
|
| 080 |
|
|
|a 730(450)
|2 1981
|
| 080 |
|
|
|a 75(450)
|2 1981
|
| 080 |
|
|
|a 730.034.3/.6
|2 1981
|
| 080 |
|
|
|a 75.034.3/.6
|2 1981
|
| 080 |
|
|
|a (450)
|2 1981
|
| 080 |
|
|
|a (084.11)
|2 1981
|
| 100 |
1 |
|
|a Néret, Gilles
|d 1933-
|4 aut
|9 395852
|
| 245 |
1 |
0 |
|a Michelangelo
|b 1475-1564
|c Gilles Néret ; [z angličtiny přeložil Jan Heller]
|
| 250 |
|
|
|a 1. vyd.
|
| 260 |
|
|
|a Kolín n. R.
|b Taschen
|c 2003
|a [Praha]
|b Slovart
|
| 300 |
|
|
|a 96 s.
|b reprod.
|c 23 cm
|
| 490 |
1 |
|
|a Mistři světového umění
|
| 600 |
0 |
7 |
|a Michelangelo Buonarroti,
|d 1475-1564
|2 SNK
|9 115762
|
| 650 |
0 |
7 |
|a talianske sochárstvo
|2 phsnk
|9 3054
|
| 650 |
0 |
7 |
|a talianske maliarstvo
|2 phsnk
|9 3126
|
| 650 |
0 |
7 |
|a renesančné sochárstvo
|z Taliansko
|2 phsnk
|9 606527
|
| 650 |
0 |
7 |
|a renesančné maliarstvo
|z Taliansko
|2 phsnk
|9 348560
|
| 655 |
|
7 |
|a obrazové publikácie
|2 SNKPH
|9 70343
|
| 700 |
1 |
|
|a Heller, Jan,
|d 1977-
|4 prk
|9 113884
|
| 700 |
1 |
|
|a Michelangelo Buonarroti,
|d 1475-1564
|4 hnr
|9 115762
|
| 830 |
|
0 |
|a Mistři světového umění
|9 466663
|
| 852 |
|
|
|a Slovenská národná knižnica v Martine
|
| 919 |
|
|
|a 3-8228-2850-5
|
| 999 |
|
|
|c 930221
|d 932151
|
| 952 |
|
|
|t snkMIC 75:929
|a SNKUST
|b SNKUST
|y PREZ
|7 0
|p 17A0403219
|o snkIC 131075
|i snkK 864/2003
|g 9.93
|0 0
|1 0
|4 0
|d 2004-02-03
|l 0
|r 2025-03-21 00:00:00
|w 2026-02-24
|